LEADER 02348oam 2200613M 450 001 9910716301003321 005 20200213070947.7 035 $a(CKB)5470000002519110 035 $a(OCoLC)1065623479 035 $a(OCoLC)995470000002519110 035 $a(EXLCZ)995470000002519110 100 $a20071213d1926 ua 0 101 0 $aeng 135 $aurcn||||||||| 181 $ctxt$2rdacontent 182 $cc$2rdamedia 183 $acr$2rdacarrier 200 10$aPensions and increase of pensions for certain soldiers and sailors of the regular Army and Navy, etc. May 10 (calendar day, May 13), 1926. -- Ordered to be printed 210 1$a[Washington, D.C.] :$c[U.S. Government Printing Office],$d1926. 215 $a1 online resource (195 pages) 225 1 $aSenate report / 69th Congress, 1st session. Senate ;$vno. 825 225 1 $a[United States congressional serial set ] ;$v[serial no. 8530] 300 $aBatch processed record: Metadata reviewed, not verified. Some fields updated by batch processes. 300 $aFDLP item number not assigned. 517 $aPensions and increase of pensions for certain soldiers and sailors of the regular Army and Navy, etc. May 10 606 $aClaims 606 $aIndians of North America$xWars 606 $aLegislative amendments 606 $aMilitary pensions 606 $aSurvivors' benefits 606 $aMexican War, 1846-1848 606 $aSpanish-American War, 1898 606 $aDisabled veterans 607 $aPhilippines$xHistory$yRevolution, 1896-1898 608 $aLegislative materials.$2lcgft 615 0$aClaims. 615 0$aIndians of North America$xWars. 615 0$aLegislative amendments. 615 0$aMilitary pensions. 615 0$aSurvivors' benefits. 615 0$aMexican War, 1846-1848. 615 0$aSpanish-American War, 1898. 615 0$aDisabled veterans. 701 $aNorbeck$b Peter$f1870-1936$pRepublican (SD)$01394393 801 0$bWYU 801 1$bWYU 801 2$bOCLCO 801 2$bOCLCQ 801 2$bOCLCO 801 2$bOCLCQ 906 $aBOOK 912 $a9910716301003321 996 $aPensions and increase of pensions for certain soldiers and sailors of the regular Army and Navy, etc. May 10 (calendar day, May 13), 1926. -- Ordered to be printed$93492228 997 $aUNINA